Missing Word: Songs of the Elements Quiz Stats

 Plays Quiz Updated Jul 5, 2015

Challenge
Share
Tweet
Embed
Score 0/20 Timer 03:00
0 Plays Today
Category Word % Correct
WATERTroubled
95.6%
FIREStart
95.5%
FIRELight
95.3%
FIRERing
93.2%
EARTHHeaven
90.9%
EARTHFeel
84.1%
AIRTonight
81.4%
WATERSmoke
75%
AIRWalking
59.4%
FIRERain
54.1%
Category Word % Correct
WATEREvery
52.4%
AIRJet
50.6%
EARTHSalt
41.2%
EARTHAngel
35.7%
AIRNo
25.2%
WATERDown
22.5%
WATERSunset
21.2%
EARTHLittle
21.1%
FIREOutside
16.6%
AIRWant
6.8%

Today's Daily Dose

You're not logged in!

Compare scores with friends on all Sporcle quizzes.
Join for Free
OR
Log In

You Might Also Like...

Show Comments

Extras

Top Quizzes Today


Score Distribution

Your Account Isn't Verified!

In order to create a playlist on Sporcle, you need to verify the email address you used during registration. Go to your Sporcle Settings to finish the process.

Report this User

Report this user for behavior that violates our Community Guidelines.

Details: